00715nam a2200157 a 4500001001500000005001700015008004100032100002100073245005600094300001900150856008200169999001500251952009300266952009900359952009900458ASINB009W58JXO20140804210200.0140804s1900 xxu eng d1 aGraham, Frank D.10aNew electric science dictionary /cFrank D. Graham. a1 v. (unpaged)403Amazon.comuhttp://www.amazon.com/exec/obidos/ASIN/B009W58JXO/chopaconline-20 c8464d8464 00104070aQUESTCLbQUESTCLd2014-08-04o621.3103GRAp23337r2014-08-04w2014-08-04yBK 00104070aQUESTCLbQUESTCLd2015-05-06g60.00o621.3103GRAp9969r2015-05-06w2015-05-06yBK 00104070aQUESTCLbQUESTCLd2015-05-06g60.00o621.3103GRAp9970r2015-05-06w2015-05-06yBK